Word Ladder: Comics Quiz Stats

 Plays Quiz Updated Dec 27, 2014

Challenge
Share
Tweet
Embed
Score 0/23 Timer 03:00
4 Plays Today
Hint 5-Letter Word % Correct
Noisily eat soupSLURP
93.6%
What the sun doesSHINE
92.5%
It 'delivers' childrenSTORK
91.3%
Batman villain, Great White _____◄SHARK►
91.2%
Iron Man's last name◄STARK►
91%
Yours, to ShakespeareTHINE
86.3%
Where the hobbits liveSHIRE
86.2%
X-Men character who controls weather◄STORM►
85.1%
To evade work, responsibility, etc. SHIRK
84.2%
Slouch in one's chairSLUMP
77.8%
Fantastic Four's rock man◄THING►
75.1%
Having a full, rounded shapePLUMP
74.6%
Hint 5-Letter Word % Correct
Nom de _____; featherPLUME
73.7%
Blue _____ special; a flat dishPLATE
68.9%
German literary movement: _____ und drangSTURM
65.8%
Popular soft drink on FuturamaSLURM
65.2%
Explosion, or great timeBLAST
63.7%
Rich blue-gray, like the rockSLATE
61.7%
Former CIA operative Valerie _____PLAME
61%
Indifferent to, or bored with lifeBLASÉ
56.2%
'Hank' McCoy's blue alter ego in X-Men◄BEAST►
50.6%
Vampire hunter with alias 'Daywalker'◄BLADE►
47.6%
Deathstroke aka _____ Wilson◄SLADE►
45.2%

Today's Daily Dose

You're not logged in!

Compare scores with friends on all Sporcle quizzes.
OR
Log In

You Might Also Like...

Show Comments

Extras

Top Quizzes Today


Score Distribution

Your Account Isn't Verified!

In order to create a playlist on Sporcle, you need to verify the email address you used during registration. Go to your Sporcle Settings to finish the process.

Report this User

Report this user for behavior that violates our Community Guidelines.

Details: